| 000 | 01614nam a2200397 a 4500 | ||
|---|---|---|---|
| 001 | vtls003158995 | ||
| 003 | MY-SjTCS | ||
| 005 | 20200226113436.0 | ||
| 006 | m u | ||
| 007 | cr cn||||||||| | ||
| 008 | 100712s2000 oncab sbs 000 0 eng d | ||
| 015 | _aC00-930231-X | ||
| 020 | _z9780774852050 | ||
| 020 | _z0774807717 | ||
| 035 | _a(CaPaEBR)ebr10130591 | ||
| 039 | 9 |
_y201007121331 _zVLOAD |
|
| 040 |
_aCaPaEBR _cCaPaEBR |
||
| 043 | _an-cn--- | ||
| 050 | 1 | 4 |
_aLB1139.3.C2 _bE25 2000eb |
| 082 | 0 | 4 |
_a372.21/0971 _221 |
| 245 | 0 | 0 |
_aEarly childhood care and education in Canada _h[electronic resource] / _cedited by Larry Prochner and Nina Howe. |
| 246 | 3 | _aChild care in Canada | |
| 260 |
_aToronto : _bChildcare Resource and Research Unit, _cc2000. |
||
| 300 |
_ax, 323 p. : _bill., maps ; _c24 cm. |
||
| 500 | _aPrevious eds. published under title: Child care in Canada. | ||
| 504 | _aIncludes bibliographical references. | ||
| 529 | _aTSLHHL | ||
| 533 |
_aElectronic reproduction. _bPalo Alto, Calif. : _cebrary, _d2009. _nAvailable via World Wide Web. _nAccess may be limited to ebrary affiliated libraries. |
||
| 650 | 0 |
_aChild care services _zCanada. |
|
| 650 | 0 |
_aDay care centers _zCanada. |
|
| 650 | 0 |
_aEarly childhood education _zCanada. |
|
| 655 | 7 |
_aElectronic books. _2local |
|
| 710 | 2 |
_aebrary, Inc. _925628 |
|
| 710 | 2 |
_aUniversity of Toronto. _bChildcare Resource and Research Unit. |
|
| 856 | 4 | 0 |
_uhttps://ezproxy.taylors.edu.my/login?url=http://site.ebrary.com/lib/taylorscollege/Doc?id=10130591 _zAn electronic book accessible through the World Wide Web; click to view |
| 999 | _c108873 | ||